00258nam a2200109Ia 4500008004100000041000800041082002100049100001500070245002700085260002800112300000800140230411s9999 xx 000 0 und d aeng aX/891/JAD/B05577 aJadhav M R aSuwicharancha Amrutwel bGeneralaKolhapurc2008 a64p